Central Library OPAC University of Rajshahi

Government and politics in Pakistan / (Record no. 36029)

MARC details
000 -LEADER
fixed length control field 00730nam a22002531 4500
001 - CONTROL NUMBER
control field 36029
003 - CONTROL NUMBER IDENTIFIER
rucl marc code BD-RjUL
005 - DATE AND TIME OF LATEST TRANSACTION
control field 20211209052424.0
008 - FIXED-LENGTH DATA ELEMENTS--GENERAL INFORMATION
fixed length control field 140615s1963 nyu b 001 0 eng
035 ## - SYSTEM CONTROL NUMBER
System control number (BD-RjUL)36126
System control number (OCoLC)4234831
040 ## - CATALOGING SOURCE
Original cataloging agency DLC
Transcribing agency KyLoU
Modifying agency BD-RjUL
Language of cataloging eng
041 ## - LANGUAGE CODE
Language code of text/sound track or separate title eng
082 ## - DEWEY DECIMAL CLASSIFICATION NUMBER
Classification number 320.95491
Author mark and year AHG 1963
100 1# - MAIN ENTRY--PERSONAL NAME
Personal name Ahmad, Mushtaq.
9 (RLIN) 109683
245 10 - TITLE STATEMENT
Title Government and politics in Pakistan /
Statement of responsibility, etc. Mushtaq Ahmad
250 ## - EDITION STATEMENT
Edition statement 2nd ed.
260 ## - PUBLICATION, DISTRIBUTION, ETC. (IMPRINT)
Place of publication, distribution, etc. Karachi :
Name of publisher, distributor, etc. Pakistan Publishing House,
Date of publication, distribution, etc. 1963.
300 ## - PHYSICAL DESCRIPTION
Pagination xii, 336 p. ;
Size 23 cm.
504 ## - BIBLIOGRAPHY, ETC. NOTE
Bibliography, etc Includes Bibliography and index.
651 #0 - SUBJECT ADDED ENTRY--GEOGRAPHIC NAME
Geographic name Pakistan
General subdivision Politics and government.
9 (RLIN) 109684
942 ## - ADDED ENTRY ELEMENTS (KOHA)
Source of classification or shelving scheme Dewey Decimal Classification
Koha item type Books
Holdings
Lost status Source of classification or shelving scheme Damaged status Not for loan Collection code Permanent Location Current Location Shelving location Date acquired Total Checkouts Full call number Date last seen Copy number Koha item type Source of acquisition Cost, normal purchase price Date checked out
  Dewey Decimal Classification   Not For Loan Non-fiction Central Library, University of Rajshahi Central Library, University of Rajshahi Reading Room 15/06/2014   320.95491 AHG 1963 15/06/2014 C-1 Books      
  Dewey Decimal Classification     Non-fiction Central Library, University of Rajshahi Central Library, University of Rajshahi   20/01/1967   320.95491 AHG 1963 17/06/2014 C-10 Books ROYAL BOOK 8.00  
  Dewey Decimal Classification     Non-fiction Central Library, University of Rajshahi Central Library, University of Rajshahi   07/12/1966   320.95491 AHG 1963 19/06/2014 C-5 Books Royal pak 8.00  
  Dewey Decimal Classification     Non-fiction Central Library, University of Rajshahi Central Library, University of Rajshahi   20/01/1967   320.95491 AHG 1963 24/06/2014 C-9 Books Royal int 8.00  
  Dewey Decimal Classification     Non-fiction Central Library, University of Rajshahi Central Library, University of Rajshahi   22/02/1967   320.95491 AHG 1963 25/06/2014 C-2 Books Pak United 8.00  
  Dewey Decimal Classification     Non-fiction Central Library, University of Rajshahi Central Library, University of Rajshahi   20/01/1967   320.95491 AHG 1963 25/06/2014 C-3 Books Royal Book 8.00  
  Dewey Decimal Classification     Non-fiction Central Library, University of Rajshahi Central Library, University of Rajshahi   20/01/1967 1 320.95491 AHG 1963 04/04/2022 C-4 Books Royal book co. Karachi 8.00 23/02/2022
  Dewey Decimal Classification     Non-fiction Central Library, University of Rajshahi Central Library, University of Rajshahi   20/01/1967   320.95491 AHG 1963 04/06/2016 C-6 Books Royal book co. Karachi 8.00